000 00952nac a22002651u 4500
010 _a 2001059806
020 _a0130673382 :
022 _a0130395552 :
082 0 0 _a658.15
_bSUL
090 _c4103
_d4103
100 _aSullivan, William G.,
245 1 0 _aEngineering economy /
_cWilliam G. Sullivan, Elin M. Wicks, James T. Luxhoj.
250 _a12th ed.
260 _aUpper Saddle River, NJ :
_bPrentice Hall,2003
_cc2003.
300 _axvi, 720 p. :
_bill. (some col.) ;
_c25 cm.
500 _aOne copy is an international edition
500 _aOne copy Distributed by Dar Fathy Taha Mohamed Desoukey
504 _aIncludes bibliographical references (p. 691-694) and index.
511 _aCatalogued by: Sara
650 0 _aEngineering economy.
700 1 _aWicks, Elin M.
700 1 _aLuxhoj, James T.
942 _cBB
_k658.15SUL
999 _c4103
_d4103